[Event "BL2 Ost 2122 (Women)"]
[Site "Germany"]
[Date "2022.03.19"]
[Round "4.2"]
[White "Palkova, Katerina"]
[Black "Richter, Ulrike"]
[Result "1/2-1/2"]
[WhiteElo "1996"]
[BlackElo "1936"]
[PlyCount "71"]
[EventDate "2021.11.27"]
[EventType "team-tourn"]
[EventRounds "7"]
[EventCountry "GER"]
[SourceTitle "EXT 2023"]
[Source "ChessBase"]
[SourceDate "2022.10.05"]
[SourceVersion "1"]
[SourceVersionDate "2022.10.05"]
[SourceQuality "1"]
[WhiteTeam "Bavaria Regensburg (W)"]
[BlackTeam "Coswig (W)"]
[WhiteTeamCountry "GER"]
[BlackTeamCountry "GER"]

1. e4 c5 2. Nf3 Nc6 3. Bb5 d6 4. 0-0 Bd7 5. c3 Nf6 6. Re1 a6 7. Ba4 b5 8. Bc2 Qc7 9. d3 e5 10. h3 h6 11. Be3 Be7 12. Nbd2 0-0 13. Rc1 d5 14. d4 exd4 15. cxd4 dxe4 16. Nxe4 Rad8 17. d5 Bc8 18. d6 Bxd6 19. Nxf6+ gxf6 20. Qe2 Rfe8 21. Nh4 Bf4 22. Qh5 Qe5 23. Bh7+ Kg7 24. Nf5+ Bxf5 25. Bxf5 Bxe3 26. Rxe3 Qf4 27. g3 Qd4 28. Rxe8 Rxe8 29. Rd1 Qb4 30. Kg2 Rd8 31. Rxd8 Nxd8 32. Qe2 Qd4 33. Bb1 Ne6 34. h4 Qe5 35. Qc2 Nf8 36. b3 1/2-1/2

[Event "BL2 Sued 1819 (Women)"]
[Site "Germany"]
[Date "2019.01.13"]
[Round "7.1"]
[White "Palkova, Katerina"]
[Black "Afraoui, Anaelle"]
[Result "1/2-1/2"]
[WhiteElo "2030"]
[BlackElo "2016"]
[PlyCount "116"]
[EventDate "2018.10.27"]
[EventType "team-tourn"]
[EventRounds "7"]
[EventCountry "GER"]
[SourceTitle "CBM 190 Extra"]
[Source "ChessBase"]
[SourceDate "2019.07.15"]
[SourceVersion "1"]
[SourceVersionDate "2019.07.15"]
[SourceQuality "1"]
[WhiteTeam "Regensburg Bavaria (W)"]
[BlackTeam "Langen (W)"]
[WhiteTeamCountry "GER"]
[BlackTeamCountry "GER"]

1. e4 c5 2. Nf3 Nc6 3. c3 Nf6 4. d3 e6 5. Be2 Be7 6. 0-0 0-0 7. h3 Qc7 8. Be3 d5 9. Nbd2 Rd8 10. Qc2 b6 11. Bg5 Ba6 12. Rfe1 Nh5 13. Bxe7 Nxe7 14. Bf1 dxe4 15. dxe4 Bb7 16. Nc4 Ng6 17. Rad1 Nf6 18. Ncd2 Bc6 19. Re3 Qb7 20. Rde1 Rd7 21. Nc4 Rad8 22. a4 Qc7 23. b3 Rb8 24. Na3 Ne5 25. Nxe5 Qxe5 26. Nc4 Qc7 27. e5 Nd5 28. Rg3 Nf4 29. Qc1 Ng6 30. Qg5 Qd8 31. Qe3 Qf8 32. Nd6 Rbd8 33. f4 f6 34. Nc4 Bd5 35. Bd3 f5 36. Bf1 Ne7 37. Qf2 Bxc4 38. Bxc4 Qf7 39. Rge3 Nd5 40. Rd3 Nc7 41. Red1 Rxd3 42. Rxd3 Rxd3 43. Bxd3 Qd7 44. Bc4 a6 45. Qc2 b5 46. axb5 axb5 47. Be2 b4 48. cxb4 Qd4+ 49. Kh1 Qxb4 50. Bc4 Qe1+ 51. Kh2 g6 52. Qd3 Qh4 53. g3 Qe7 54. Qd6 Kf7 55. Qc6 Ne8 56. Kg2 Ng7 57. Kf3 h6 58. h4 Nh5 1/2-1/2

[Event "CZE-chT2A 1213"]
[Site "Czech Republic"]
[Date "2012.11.04"]
[Round "2.7"]
[White "Smolik, Boris"]
[Black "Palkova, Katerina"]
[Result "1/2-1/2"]
[WhiteElo "1981"]
[BlackElo "2022"]
[PlyCount "116"]
[EventDate "2012.10.14"]
[EventType "team-tourn"]
[EventRounds "11"]
[EventCountry "CZE"]
[SourceTitle "EXT 2015"]
[Source "ChessBase"]
[SourceDate "2014.11.20"]
[SourceVersion "1"]
[SourceVersionDate "2014.11.20"]
[SourceQuality "1"]
[WhiteTeam "Litvinov Lom"]
[BlackTeam "Plzen Sokol"]
[WhiteTeamCountry "CZE"]
[BlackTeamCountry "CZE"]

1. d4 Nf6 2. c4 e6 3. Nf3 Bb4+ 4. Bd2 Bxd2+ 5. Qxd2 d5 6. Nc3 Nbd7 7. e3 0-0 8. cxd5 exd5 9. Bd3 b6 10. 0-0 Bb7 11. Rac1 c5 12. Bb1 Re8 13. Rfd1 Rc8 14. Qc2 Qe7 15. Qf5 Qe6 16. Ng5 Qxf5 17. Bxf5 cxd4 18. Rxd4 Re5 19. Rf4 Re7 20. Rd1 Rd8 21. Bc2 Ne5 22. Bb3 Red7 23. Nf3 Nxf3+ 24. gxf3 Bc6 25. Rfd4 Kf8 26. Kf1 Ke7 27. Ke2 g6 28. Rg1 Ne8 29. e4 dxe4 30. Rxd7+ Rxd7 31. fxe4 Kd8 32. Ke3 Nd6 33. Rd1 f5 34. e5 Ne4 35. Rxd7+ Kxd7 36. Nxe4 Bxe4 37. Kf4 h6 38. h4 Ke7 39. f3 Bd3 40. a3 a5 41. Ke3 Bb5 42. f4 Bd7 43. Kd4 Be6 44. Bd1 Kd7 45. Bf3 Kc7 46. Kc3 Kd7 47. b4 axb4+ 48. Kxb4 Kc7 49. a4 Kd7 50. a5 bxa5+ 51. Kxa5 Bf7 52. Kb5 g5 53. hxg5 hxg5 54. fxg5 Ke6 55. Kc4 Kxe5+ 56. Kd3 Kf4 57. Ke2 Kxg5 58. Kf2 Bh5 1/2-1/2

[Event "CZE-chT2A 1011"]
[Site "Czech Republic"]
[Date "2011.03.06"]
[Round "9"]
[White "Palkova, Katerina"]
[Black "Hlavsa, Filip"]
[Result "1-0"]
[WhiteElo "2013"]
[BlackElo "1861"]
[PlyCount "107"]
[EventDate "2010.10.17"]
[EventType "team-tourn"]
[EventRounds "11"]
[EventCountry "CZE"]
[SourceTitle "EXT 2012"]
[Source "ChessBase"]
[SourceDate "2011.11.24"]
[SourceVersion "1"]
[SourceVersionDate "2011.11.24"]
[SourceQuality "1"]
[WhiteTeam "Plzen Sokol"]
[BlackTeam "Pisek Platan"]
[WhiteTeamCountry "CZE"]
[BlackTeamCountry "CZE"]

1. e4 c5 2. Nf3 d6 3. Bb5+ Bd7 4. Bxd7+ Qxd7 5. 0-0 Nc6 6. c3 Nf6 7. Re1 e5 8. d4 Rd8 9. Bg5 Be7 10. Na3 a6 11. Nc4 Qc7 12. d5 Nb8 13. a4 a5 14. Na3 Na6 15. Nd2 Nxd5 16. Bxe7 Nxe7 17. Ndc4 Nc8 18. Nb5 Qe7 19. Nxa5 0-0 20. Qd5 Rd7 21. Nc4 Rfd8 22. Rad1 Qe6 23. Rd2 Qxd5 24. Rxd5 Nc7 25. Nxc7 Rxc7 26. Red1 f6 27. a5 Rc6 28. f4 exf4 29. e5 fxe5 30. Nxe5 Ra6 31. Nc4 Rc6 32. Kf2 h6 33. h4 b5 34. axb6 Nxb6 35. Rxd6 Rcxd6 36. Rxd6 Rxd6 37. Nxd6 Nd5 38. Kf3 Kf8 39. Nf5 c4 40. Ke4 Nb6 41. Kxf4 Na4 42. Ke4 Nxb2 43. Kd4 Kf7 44. Nd6+ Kg6 45. Nxc4 Nd1 46. Ne3 Nxc3 47. Kxc3 Kh5 48. g3 g5 49. hxg5 Kxg5 50. Kd2 h5 51. Ke2 h4 52. g4 Kf4 53. Kf2 h3 54. Kg1 1-0

[Event "Regionalliga NO 0910"]
[Site "Bayern"]
[Date "2009.11.29"]
[Round "3.3"]
[White "Hofer, Markus"]
[Black "Palkova, Katerina"]
[Result "1-0"]
[WhiteElo "2075"]
[BlackElo "2008"]
[PlyCount "53"]
[EventDate "2009.10.18"]
[EventType "team-tourn"]
[EventRounds "9"]
[EventCountry "GER"]
[SourceTitle "EXT 2011"]
[Source "ChessBase"]
[SourceDate "2010.11.26"]
[SourceVersion "1"]
[SourceVersionDate "2010.11.26"]
[SourceQuality "1"]
[WhiteTeam "Buechenbach/Roth"]
[BlackTeam "Dietfurt"]
[WhiteTeamCountry "GER"]
[BlackTeamCountry "GER"]

1. d4 Nf6 2. c4 e6 3. Nc3 Bb4 4. e3 c5 5. Bd3 Nc6 6. Nf3 d5 7. 0-0 0-0 8. a3 Ba5 9. Ne2 cxd4 10. exd4 dxc4 11. Bxc4 Qd6 12. Bf4 Qe7 13. Ne5 Nxe5 14. dxe5 Nd7 15. Ng3 Qh4 16. Qc1 Bb6 17. Rd1 Qe7 18. Ne4 a6 19. Qc3 Nc5 20. Nf6+ Kh8 21. Bg5 gxf6 22. Bxf6+ Qxf6 23. exf6 Ne4 24. Qb3 Bc5 25. Kf1 Nxf2 26. Qg3 Rg8 27. Rd8 1-0

[Event "CZE-chT2A 0910"]
[Site "Czech Republic"]
[Date "2009.11.08"]
[Round "2.4"]
[White "Vanka, Miloslav"]
[Black "Palkova, Katerina"]
[Result "1-0"]
[WhiteElo "2156"]
[BlackElo "2010"]
[PlyCount "65"]
[EventDate "2009.10.18"]
[EventType "team-tourn"]
[EventRounds "11"]
[EventCountry "CZE"]
[SourceTitle "EXT 2012"]
[Source "ChessBase"]
[SourceDate "2011.11.24"]
[SourceVersion "1"]
[SourceVersionDate "2011.11.24"]
[SourceQuality "1"]
[WhiteTeam "Praha Bohemians II"]
[BlackTeam "Klatovy"]
[WhiteTeamCountry "CSR"]
[BlackTeamCountry "CZE"]

1. e4 d6 2. d4 Nf6 3. Nc3 c6 4. f4 Qa5 5. Bd3 e5 6. Nf3 Bg4 7. fxe5 dxe5 8. dxe5 Bxf3 9. gxf3 Qxe5 10. f4 Qe6 11. Qe2 Bb4 12. Bd2 Nbd7 13. Bc4 Qe7 14. e5 Bxc3 15. Bxc3 Nd5 16. Bxd5 cxd5 17. 0-0-0 Nb6 18. Rhg1 Rg8 19. Qb5+ Qd7 20. Qxd7+ Kxd7 21. b3 Kc6 22. Rd3 Rad8 23. Ba5 Rd7 24. Rh3 f6 25. e6 Re7 26. f5 g6 27. Bb4 Reg7 28. fxg6 hxg6 29. Rf3 f5 30. a4 Kc7 31. Bc3 Re7 32. Be5+ Kc8 33. Rc3+ 1-0

[Event "Regionalliga NO 0910"]
[Site "Bayern"]
[Date "2009.10.18"]
[Round "1.3"]
[White "Bachstein, Dustin"]
[Black "Palkova, Katerina"]
[Result "1-0"]
[WhiteElo "2063"]
[BlackElo "2008"]
[PlyCount "103"]
[EventDate "2009.10.18"]
[EventType "team-tourn"]
[EventRounds "9"]
[EventCountry "GER"]
[SourceTitle "EXT 2011"]
[Source "ChessBase"]
[SourceDate "2010.11.26"]
[SourceVersion "1"]
[SourceVersionDate "2010.11.26"]
[SourceQuality "1"]
[WhiteTeam "Erlangen"]
[BlackTeam "Dietfurt"]
[WhiteTeamCountry "GER"]
[BlackTeamCountry "GER"]

1. e4 d5 2. exd5 Nf6 3. d4 Nxd5 4. Bc4 Nb6 5. Bb3 Nc6 6. Nf3 Bg4 7. Bxf7+ Kxf7 8. Ng5+ Ke8 9. Qxg4 Qxd4 10. Qe2 Qe5 11. Qxe5 Nxe5 12. Nc3 h6 13. Nge4 Ned7 14. Bf4 e5 15. Bg3 Bb4 16. 0-0-0 Bxc3 17. Nxc3 Ke7 18. Rhe1 Ke6 19. b3 g5 20. a4 c6 21. Ne4 Nd5 22. c4 Nf4 23. Bxf4 gxf4 24. Rd6+ Ke7 25. Red1 Rad8 26. g4 Nb6 27. Rxd8 Rxd8 28. Rxd8 Kxd8 29. Nd6 Nd7 30. Nf7+ Ke7 31. Nxh6 Nc5 32. Kc2 Kf6 33. h4 e4 34. Kc3 Ne6 35. Nf5 Ke5 36. h5 Ng5 37. Kd2 b6 38. Ke2 Kf6 39. Nd6 Ke6 40. Nf5 a6 41. Nh4 Kf6 42. Ng6 Ne6 43. b4 b5 44. axb5 axb5 45. c5 Kg5 46. Ne5 Nd8 47. f3 e3 48. Kd3 Kf6 49. Ke4 Ne6 50. Nd3 Kg5 51. Ke5 Nc7 52. Kd6 1-0

[Event "Regionalliga NO 0809"]
[Site "Bayern"]
[Date "2009.01.18"]
[Round "5.3"]
[White "Palkova, Katerina"]
[Black "Burggraf, Michael"]
[Result "1-0"]
[WhiteElo "2036"]
[BlackElo "2121"]
[PlyCount "61"]
[EventDate "2008.10.05"]
[EventType "team-tourn"]
[EventRounds "9"]
[EventCountry "GER"]
[SourceTitle "EXT 2020"]
[Source "ChessBase"]
[SourceDate "2019.10.17"]
[SourceVersion "1"]
[SourceVersionDate "2019.10.17"]
[SourceQuality "1"]
[WhiteTeam "Dietfurt"]
[BlackTeam "Forchheim II"]
[WhiteTeamCountry "GER"]
[BlackTeamCountry "GER"]

1. e4 c6 2. d4 d5 3. Nc3 dxe4 4. Nxe4 Nd7 5. Nf3 Ngf6 6. Ng3 g6 7. Bd3 Bg7 8. 0-0 0-0 9. Bg5 c5 10. c3 cxd4 11. cxd4 Nb6 12. h3 Be6 13. b3 Rc8 14. Qd2 Qd5 15. Rfe1 Rfe8 16. Bh6 Rc7 17. Bf4 Rcc8 18. Re5 Qd8 19. Bh6 Qd6 20. Rae1 Bd5 21. Bxg7 Kxg7 22. Nh4 Kh8 23. Qg5 Ng8 24. Qf4 f6 25. Nxg6+ hxg6 26. Bxg6 fxe5 27. Qh4+ Kg7 28. Qh7+ Kf8 29. Nh5 Qf6 30. dxe5 Rc1 31. exf6 1-0

[Event "CZE-chT2A 0809"]
[Site "Czech Republic"]
[Date "2008.12.07"]
[Round "4.6"]
[White "Simunek, Ales"]
[Black "Palkova, Katerina"]
[Result "1-0"]
[WhiteElo "2176"]
[BlackElo "2054"]
[PlyCount "77"]
[EventDate "2008.10.12"]
[EventType "team-tourn"]
[EventRounds "11"]
[EventCountry "CZE"]
[SourceTitle "EXT 2010"]
[Source "ChessBase"]
[SourceDate "2010.11.25"]
[SourceVersion "1"]
[SourceVersionDate "2010.11.25"]
[SourceQuality "1"]
[WhiteTeam "Plzen Sokol II"]
[BlackTeam "Klatovy Sokol "]
[WhiteTeamCountry "CZE"]
[BlackTeamCountry "CZE"]

1. f4 d5 2. Nf3 Nc6 3. b3 Bg4 4. d4 e6 5. Nbd2 Bb4 6. Bb2 Nf6 7. c3 Bd6 8. e3 Ne4 9. Be2 Bxf3 10. Nxf3 Ne7 11. 0-0 Nf5 12. Qc1 0-0 13. Bd3 f6 14. Re1 Ne7 15. c4 c6 16. Bxe4 dxe4 17. Nd2 f5 18. Qc3 Rf7 19. b4 Rc8 20. Nb3 Ng6 21. a4 Qh4 22. Nd2 Qg4 23. h3 Qh5 24. Kh2 Nh4 25. c5 Bf8 26. Qc4 Rf6 27. Qe2 Qxe2 28. Rxe2 Rf7 29. Nc4 Ng6 30. Ba3 Rd7 31. b5 cxb5 32. axb5 b6 33. c6 Rdc7 34. Bxf8 Kxf8 35. Rea2 Ne7 36. Rxa7 Nd5 37. Rb7 Ke7 38. Nxb6 Rxb7 39. Nxc8+ 1-0

[Event "Wch U18 Girls"]
[Site "Vung Tau"]
[Date "2008.10.23"]
[Round "5"]
[White "Nakhbayeva, Guliskhan"]
[Black "Palkova, Katerina"]
[Result "1/2-1/2"]
[WhiteElo "2201"]
[BlackElo "2057"]
[PlyCount "89"]
[EventDate "2008.10.20"]
[EventType "swiss"]
[EventRounds "11"]
[EventCountry "VIE"]
[SourceTitle "EXT 2009"]
[Source "ChessBase"]
[SourceDate "2008.11.26"]
[SourceVersion "1"]
[SourceVersionDate "2008.11.26"]
[SourceQuality "1"]

1. d4 Nf6 2. c4 e6 3. Nc3 Bb4 4. Qc2 c5 5. e3 Nc6 6. Nf3 d5 7. a3 Bxc3+ 8. bxc3 0-0 9. Bd3 h6 10. 0-0 b6 11. Bb2 dxc4 12. Bxc4 Na5 13. Be2 c4 14. e4 Bb7 15. Nd2 Nb3 16. Nxb3 cxb3 17. Qxb3 Nxe4 18. Rac1 Nd2 19. Qb4 Qg5 20. g3 Nxf1 21. Kxf1 Qf5 22. g4 Qf4 23. Qe7 Bf3 24. Qh4 Bxe2+ 25. Kxe2 Qe4+ 26. Kd2 e5 27. Re1 Qf4+ 28. Re3 exd4 29. cxd4 Rac8 30. Qg3 Qxg3 31. hxg3 Rc6 32. Kd3 f5 33. Re7 fxg4 34. d5 Rf3+ 35. Ke4 Rc4+ 36. Bd4 g5 37. d6 Kf8 38. Rxa7 Rxf2 39. Kd5 Rxd4+ 40. Kxd4 Ke8 41. Kd5 Rf3 42. Ra8+ Kd7 43. Ra7+ Kd8 44. Ra8+ Kd7 45. Ra7+ 1/2-1/2

[Event "Wch U18 Girls"]
[Site "Vung Tau"]
[Date "2008.10.22"]
[Round "4"]
[White "Palkova, Katerina"]
[Black "Monhchuluun, Cegmed"]
[Result "1-0"]
[WhiteElo "2057"]
[BlackElo "1969"]
[PlyCount "71"]
[EventDate "2008.10.20"]
[EventType "swiss"]
[EventRounds "11"]
[EventCountry "VIE"]
[SourceTitle "EXT 2009"]
[Source "ChessBase"]
[SourceDate "2008.11.26"]
[SourceVersion "1"]
[SourceVersionDate "2008.11.26"]
[SourceQuality "1"]

1. e4 e6 2. d4 d5 3. Nc3 Nf6 4. exd5 exd5 5. Bd3 Bd6 6. Bg5 c6 7. Qd2 Be6 8. Nf3 Nbd7 9. 0-0 Qc7 10. Rfe1 0-0 11. Ne5 Nxe5 12. dxe5 Bxe5 13. Rxe5 Ng4 14. f4 Qb6+ 15. Re3 Nxe3 16. Na4 Qc7 17. Qxe3 Rfe8 18. Qf2 f6 19. Bh4 b5 20. Nc3 Qd6 21. a3 f5 22. Re1 Bd7 23. Rxe8+ Rxe8 24. Ne2 c5 25. c3 Qe6 26. Nc1 Qh6 27. Bg3 Qf6 28. Be2 d4 29. cxd4 cxd4 30. Nd3 Re3 31. Nc5 Be6 32. Bf3 Qd8 33. Qd2 g5 34. Nxe6 Qd6 35. Nxd4 gxf4 36. Qxe3 1-0

[Event "Klatovy op-A"]
[Site "Klatovy"]
[Date "2007.07.05"]
[Round "6"]
[White "Vanka, Miloslav"]
[Black "Palkova, Katerina"]
[Result "1-0"]
[WhiteElo "2188"]
[BlackElo "2070"]
[PlyCount "83"]
[EventDate "2007.06.30"]
[EventType "swiss"]
[EventRounds "9"]
[EventCountry "CZE"]
[SourceTitle "CBM 119 Extra"]
[Source "ChessBase"]
[SourceDate "2007.09.04"]
[SourceVersion "1"]
[SourceVersionDate "2007.09.04"]
[SourceQuality "1"]

1. e4 c5 2. Nc3 Nc6 3. f4 e6 4. Nf3 d5 5. d3 b6 6. Bd2 Bb7 7. g3 d4 8. Ne2 Bd6 9. Bg2 Nge7 10. 0-0 0-0 11. g4 f6 12. Qe1 Rc8 13. Qh4 Ng6 14. Qh3 Qc7 15. Qg3 Nb4 16. Ne1 Nc6 17. h4 f5 18. h5 Nh8 19. gxf5 exf5 20. e5 Be7 21. Bd5+ Nf7 22. Rf2 Rfd8 23. Bb3 Nb8 24. Nf3 Bd5 25. Rg2 Bf8 26. Bxd5 Rxd5 27. Qh3 Nh6 28. Ng3 Qd7 29. Nh4 c4 30. Ngxf5 Nxf5 31. Qxf5 Qxf5 32. Nxf5 cxd3 33. cxd3 Rc2 34. Kh2 Rc7 35. Rag1 Na6 36. Nxg7 Rxg7 37. Rxg7+ Bxg7 38. h6 Rd7 39. e6 Rc7 40. f5 Kh8 41. hxg7+ Rxg7 42. Bh6 1-0

[Event "CZE-chT2a 0607"]
[Site "Czech Republic"]
[Date "2007.02.11"]
[Round "7.7"]
[White "Chalus, Karel"]
[Black "Palkova, Katerina"]
[Result "0-1"]
[WhiteElo "2092"]
[BlackElo "1956"]
[PlyCount "104"]
[EventDate "2006.10.15"]
[EventType "team"]
[EventRounds "11"]
[EventCountry "CZE"]
[SourceTitle "EXT 2009"]
[Source "ChessBase"]
[SourceDate "2008.11.26"]
[SourceVersion "1"]
[SourceVersionDate "2008.11.26"]
[SourceQuality "1"]
[WhiteTeam "Plzen Letna"]
[BlackTeam "Plzen IC"]
[WhiteTeamCountry "CZE"]
[BlackTeamCountry "CZE"]

1. Nf3 Nf6 2. g3 g6 3. Bg2 Bg7 4. 0-0 0-0 5. c4 e6 6. Nc3 d5 7. d4 Nbd7 8. cxd5 exd5 9. Bg5 c6 10. Qd2 Nb6 11. Ne5 Qd6 12. Bf4 Qe7 13. Bg5 Qd6 14. Bf4 Qe6 15. Rfe1 Nh5 16. Bh6 f5 17. Bxg7 Kxg7 18. b4 Nd7 19. Nd3 Nhf6 20. f3 Re8 21. Rac1 Nb6 22. e4 Nc4 23. exd5 Qxe1+ 24. Qxe1 Rxe1+ 25. Rxe1 cxd5 26. Nf4 a5 27. b5 Bd7 28. Nfxd5 Rd8 29. Nf4 Kf7 30. d5 Nd6 31. a4 Rc8 32. Rc1 Rc5 33. Nd3 Rc7 34. f4 Be8 35. Ne2 Rxc1+ 36. Ndxc1 Nfe4 37. Nd3 Ke7 38. Ne5 b6 39. Kf1 Nc5 40. Nc3 Nxa4 41. Nxa4 Bxb5+ 42. Ke1 Bxa4 43. Kd2 Kd8 44. Kc3 Kc7 45. h3 b5 46. Kd4 b4 47. g4 Bb5 48. Bf3 a4 49. Bd1 b3 50. Kc5 b2 51. Bc2 a3 52. Bb1 Ba4 0-1

[Event "CZE-chT2a 0607"]
[Site "Czech Republic"]
[Date "2006.12.17"]
[Round "5.5"]
[White "Palkova, Katerina"]
[Black "Cerny, Vaclav"]
[Result "1-0"]
[WhiteElo "1956"]
[BlackElo "2085"]
[PlyCount "125"]
[EventDate "2006.10.15"]
[EventType "team"]
[EventRounds "11"]
[EventCountry "CZE"]
[SourceTitle "EXT 2009"]
[Source "ChessBase"]
[SourceDate "2008.11.26"]
[SourceVersion "1"]
[SourceVersionDate "2008.11.26"]
[SourceQuality "1"]
[WhiteTeam "Plzen IC"]
[BlackTeam "Domazlice"]
[WhiteTeamCountry "CZE"]
[BlackTeamCountry "CZE"]

1. e4 g6 2. d4 Bg7 3. Nf3 d6 4. Bc4 Nf6 5. Nc3 0-0 6. 0-0 Bg4 7. h3 Bxf3 8. Qxf3 Nc6 9. Be3 Nd7 10. Rad1 e5 11. d5 Ne7 12. Qe2 f5 13. f3 f4 14. Bf2 g5 15. Qd2 Ng6 16. Nb1 h5 17. Be2 Rf7 18. c4 Bf8 19. b4 Kh8 20. Qc2 b6 21. Nd2 Nf6 22. c5 Qd7 23. cxb6 axb6 24. Qb3 Rh7 25. Rc1 g4 26. fxg4 hxg4 27. hxg4 Nxg4 28. Rxc7 Qxc7 29. Bxg4 Be7 30. Qb2 Kg7 31. Rc1 Rah8 32. Bh3 Rxh3 33. gxh3 Qd7 34. Rc3 Rxh3 35. Rxh3 Qxh3 36. Qb3 Qg4+ 37. Kf1 Bd8 38. Qf3 Qd7 39. Qd3 Qa4 40. Qb3 Qxb3 41. Nxb3 Nf8 42. a4 Nd7 43. Ke2 Kf7 44. Kd3 Ke8 45. Kc4 Bc7 46. a5 bxa5 47. bxa5 Kd8 48. Kb5 Kc8 49. a6 Nf6 50. Nd2 Kb8 51. Bh4 Ne8 52. Nc4 Ka7 53. Bf2+ Kb8 54. Kc6 Ka8 55. Kd7 Nf6+ 56. Kxc7 Nxe4 57. Bb6 f3 58. Ne3 Nd2 59. Kxd6 f2 60. Kc6 Nc4 61. Nf1 e4 62. Bxf2 e3 63. Bxe3 1-0

[Event "CZE-chT2a 0607"]
[Site "Czech Republic"]
[Date "2006.12.03"]
[Round "4.6"]
[White "Palkova, Katerina"]
[Black "Strejc, Josef"]
[Result "1/2-1/2"]
[WhiteElo "1956"]
[BlackElo "2170"]
[PlyCount "82"]
[EventDate "2006.10.15"]
[EventType "team"]
[EventRounds "11"]
[EventCountry "CZE"]
[SourceTitle "EXT 2009"]
[Source "ChessBase"]
[SourceDate "2008.11.26"]
[SourceVersion "1"]
[SourceVersionDate "2008.11.26"]
[SourceQuality "1"]
[WhiteTeam "Plzen IC"]
[BlackTeam "Pribram Alva"]
[WhiteTeamCountry "CZE"]
[BlackTeamCountry "CZE"]

1. e4 c5 2. Nf3 e6 3. d4 cxd4 4. Nxd4 Qb6 5. Nb3 Qc7 6. Nc3 a6 7. a4 b6 8. Bd3 Bb7 9. 0-0 Nf6 10. Re1 d6 11. Be3 Be7 12. f4 Nbd7 13. Qe2 0-0 14. Bf2 e5 15. fxe5 Nxe5 16. Nd4 Nfg4 17. Nf5 Bf6 18. Bd4 g6 19. Ng3 Nf3+ 20. gxf3 Bxd4+ 21. Kg2 Nf2 22. Rf1 Qc5 23. Rxf2 Bxf2 24. Qxf2 Qb4 25. Ra3 Qxb2 26. Rb3 Qc1 27. Rxb6 Bc8 28. Rxd6 Qh6 29. Kg1 Bh3 30. Bf1 Bxf1 31. Kxf1 Rfc8 32. Nge2 Rab8 33. Rb6 Rxb6 34. Qxb6 Qh3+ 35. Kf2 Qxh2+ 36. Ke1 Qh1+ 37. Kf2 Qh2+ 38. Ke1 Qh1+ 39. Kd2 Qxf3 40. Nd5 Rxc2+ 41. Kxc2 Qxe4+ 1/2-1/2

[Event "CZE-chT U18 0506"]
[Site "Czech Republic"]
[Date "2006.04.22"]
[Round "4.1"]
[White "Ponizil, Cyril"]
[Black "Palkova, Katerina"]
[Result "1/2-1/2"]
[WhiteElo "2181"]
[BlackElo "1837"]
[PlyCount "48"]
[EventDate "2005.10.08"]
[EventType "team"]
[EventRounds "11"]
[EventCountry "CZE"]
[SourceTitle "EXT 2009"]
[Source "ChessBase"]
[SourceDate "2008.11.26"]
[SourceVersion "1"]
[SourceVersionDate "2008.11.26"]
[SourceQuality "1"]
[WhiteTeam "Zlin"]
[BlackTeam "Klatovy"]
[WhiteTeamCountry "CZE"]
[BlackTeamCountry "CZE"]

1. Nf3 d5 2. g3 g6 3. Bg2 Bg7 4. 0-0 Nf6 5. d3 0-0 6. Nbd2 Re8 7. c3 e5 8. e4 Nc6 9. b4 a6 10. Rb1 Bg4 11. Qc2 Qd7 12. Re1 Rad8 13. a4 dxe4 14. dxe4 b6 15. h4 Nh5 16. Qb2 Bh3 17. Bh1 h6 18. Nc4 Be6 19. Nfd2 Na7 20. Bf3 Bg4 21. Bg2 Bh3 22. Bf3 Bg4 23. Bg2 Bh3 24. Bf3 Bg4 1/2-1/2

[Event "CZE-chT U18 0506"]
[Site "Czech Republic"]
[Date "2005.12.22"]
[Round "5"]
[White "Jurcik, Martin"]
[Black "Palkova, Katerina"]
[Result "1/2-1/2"]
[WhiteElo "2295"]
[BlackElo "1837"]
[PlyCount "152"]
[EventDate "2005.10.08"]
[EventType "team"]
[EventRounds "11"]
[EventCountry "CZE"]
[SourceTitle "EXT 2009"]
[Source "ChessBase"]
[SourceDate "2008.11.26"]
[SourceVersion "1"]
[SourceVersionDate "2008.11.26"]
[SourceQuality "1"]
[WhiteTeam "Frydek Mistek"]
[BlackTeam "Klatovy"]
[WhiteTeamCountry "CZE"]
[BlackTeamCountry "CZE"]

1. e4 c5 2. Nf3 a6 3. c4 Nc6 4. d4 cxd4 5. Nxd4 Nf6 6. Nc3 d6 7. Be2 Qb6 8. Be3 Qd8 9. 0-0 g6 10. Nd5 Nxd5 11. exd5 Ne5 12. f4 Nd7 13. b4 Bg7 14. Rc1 a5 15. a3 0-0 16. Qb3 Nf6 17. h3 Ne4 18. Rfe1 h6 19. Bd3 Nf6 20. Nb5 Bd7 21. Nc3 Qc7 22. Re2 axb4 23. axb4 b6 24. Bf2 Rfe8 25. Rce1 Bf8 26. Kh2 Nh5 27. Be3 e6 28. dxe6 Bxe6 29. Nd5 Bxd5 30. cxd5 Rec8 31. Rc2 Qb7 32. Rxc8 Rxc8 33. Bb5 Qe7 34. g4 Nxf4 35. Bd2 Qh4 36. Rf1 Rc2 37. Rxf4 Rxd2+ 38. Kg1 Qe1+ 39. Rf1 Qe5 40. Rf2 Qd4 41. Qf3 Rxf2 42. Qxf2 Qxd5 43. Be2 Bg7 44. Bf3 Qc4 45. Qe1 Bc3 46. Qe8+ Kg7 47. b5 Qf4 48. Qe2 Qg3+ 49. Bg2 Bd4+ 50. Kh1 Qe5 51. Bf3 Bc5 52. Kg2 Qd4 53. h4 Qg1+ 54. Kh3 Qf2 55. Qd3 Bd4 56. Qe2 Qxe2 57. Bxe2 f5 58. gxf5 gxf5 59. Kg3 Be5+ 60. Kf3 Kf6 61. Ke3 Bb2 62. Bf3 Ke5 63. Bg2 d5 64. Bf1 Bc1+ 65. Kd3 d4 66. Be2 Be3 67. Bd1 Kf4 68. h5 Kg3 69. Be2 Kf2 70. Bd1 f4 71. Ke4 Ke1 72. Bb3 Ke2 73. Bc4+ Kf2 74. Bb3 Ke1 75. Bc4 Kd2 76. Bf1 Kc3 1/2-1/2